|
|
|
|
| LEADER |
00000nam0a2200000 4500 |
| 001 |
350886 |
| 005 |
20231102010340.0 |
| 035 |
|
|
|a (RuTPU)RU\TPU\retro\5259
|
| 090 |
|
|
|a 350886
|
| 100 |
|
|
|a 20190313d1964 k y0rusy50 ca
|
| 101 |
0 |
|
|a rus
|
| 102 |
|
|
|a RU
|
| 105 |
|
|
|a a dm 001zy
|
| 200 |
1 |
|
|a Энергия, запасенная в щелочно-галоидных кристаллах, при облучении
|e автореферат диссертации на соискание ученой степени кандидата физико-математических наук
|f А. В. Кузьмина
|g Томский политехнический институт (ТПИ) ; науч. рук. Е. К. Завадовская
|
| 210 |
|
|
|a Томск
|c Изд-во Томского ун-та
|d 1964
|
| 215 |
|
|
|a 17 с.
|c ил.
|
| 300 |
|
|
|a Защита сост. в 1964 г.
|
| 317 |
|
|
|5 63413507: КР-6250
|a Поступила в НТБ в 1987 г. в дар от вдовы ученого Е. К. Завадовской
|
| 320 |
|
|
|a Библиогр.: с. 17 (8 назв.)
|
| 606 |
1 |
|
|a Кристаллы
|x Действие ионизирующих излучений
|2 stltpush
|3 (RuTPU)RU\TPU\subj\66375
|9 82538
|
| 610 |
1 |
|
|a кристаллофизика
|
| 610 |
1 |
|
|a щелочно-галоидные кристаллы
|
| 610 |
1 |
|
|a облучение
|
| 610 |
1 |
|
|a ионные структуры
|
| 610 |
1 |
|
|a запасенная энергия
|
| 610 |
1 |
|
|a твердые тела
|
| 610 |
1 |
|
|a калометрическое измерение
|
| 610 |
1 |
|
|a авторефераты диссертаций
|
| 610 |
1 |
|
|a труды учёных ТПУ
|
| 610 |
1 |
|
|a библиотека А. А. Воробьева
|
| 610 |
1 |
|
|a дары библиотеке
|
| 675 |
|
|
|a 548.0:539(04)
|v 4
|
| 700 |
|
1 |
|a Кузьмина
|b А. В.
|
| 702 |
|
1 |
|a Завадовская
|b Е. К.
|c российский физик
|c профессор кафедры физики твердого тела Томского политехнического института
|f 1913-2004
|g Екатерина Константиновна
|2 stltpush
|3 (RuTPU)RU\TPU\pers\19787
|4 727
|
| 712 |
0 |
2 |
|a Томский политехнический институт (ТПИ)
|c (1944-1991)
|2 stltpush
|3 (RuTPU)RU\TPU\col\1123
|
| 801 |
|
1 |
|a RU
|b 63413507
|c 20190313
|
| 801 |
|
2 |
|a RU
|b 63413507
|c 20200825
|g RCR
|
| 942 |
|
|
|c BK
|